Type Every Letter in PaniniPancake's Name - Statistics

General Stats
  • This quiz has been taken 120 times
  • The average score is 13 of 13
Answer Stats
Hint Answer % Correct
A A
100%
A A
100%
I I
100%
I I
100%
N N
100%
N N
100%
N N
100%
P P
100%
C C
98%
E E
98%
K K
98%
P P
98%
A A
95%
No matching quizzes found
Score Distribution
Percent of People with Each Score
Percentile by Number Answered
Your Score History
You have not taken this quiz